Toronto Raptors Best Team By Decade - Statistics

General Stats
  • This quiz has been taken 122 times
  • The average score is 8 of 14
Answer Stats
Season Player % Correct
2018-19 Kawhi Leonard
97%
1998-99, 2000-01 Vince Carter
93%
2018-19, 2019-20 Kyle Lowry
91%
2018-19, 2019-20 Pascal Siakam
90%
2018-19, 2019-20 Marc Gasol
86%
2018-19 Danny Green
77%
2019-20 Fred VanVleet
77%
2019-20 OG Anunoby
64%
2000-01 Antonio Davis
47%
1998-99, 2000-01 Alvin Williams
40%
1998-99, 2000-01 Charles Oakley
32%
1998-99 Doug Christie
19%
2000-01 Mark Jackson
18%
1998-99 Kevin Willis
10%
No matching quizzes found
Score Distribution
Percent of People with Each Score
Percentile by Number Answered
Your Score History
You have not taken this quiz